| 000 | 00548nam a2200157 4500 | ||
|---|---|---|---|
| 001 | 4696 | ||
| 005 | 20181127173939.0 | ||
| 090 | 0 | 0 | _aBBA INT. FIN-803 No.2 |
| 245 | 0 | 0 |
_aSATAA : _bBranded whiskey by J.P / _cStudent Work. _h |
| 260 | 0 | 0 |
_a[Thimphu] : _b[Royal Thimphu College], _c2014. |
| 300 |
_a37 leaves. _b _c _e |
||
| 500 | _aStudent research project for BBA: Internationl Finance- 803 (2014): Dr.Swati Chakraborty, lecturer. | ||
| 500 | 0 | 0 | _aSpiral-bound xerographic copy. |
| 650 |
_aAlcoholic beverages. _v _x _y _z _2 |
||
| 650 |
_aCocktails. _v _x _y _z _2 |
||
| 999 |
_c3900 _d3900 |
||